[Event "28th WSCC2018 - Open 65+"]
[Site "Bled"]
[Date "2018.11.22"]
[Round "5.1"]
[White "Sveshnikov, Evgeny"]
[Black "Jansa, Vlastimil"]
[Result "0-1"]
[WhiteElo "2496"]
[BlackElo "2437"]
[PlyCount "232"]
[EventDate "2018.11.18"]

1. e4 c5 2. c3 Nf6 3. e5 Nd5 4. d4 cxd4 5. cxd4 e6 6. Nc3 Nxc3 7. bxc3 Qc7 8.
Bd2 b6 9. f4 Bb7 10. Nf3 Nc6 11. Bd3 Na5 12. f5 exf5 13. Bxf5 Be7 14. O-O h6
15. Qe1 Bd5 16. Be4 Qc6 17. Bxd5 Qxd5 18. Nh4 Bxh4 19. Qxh4 Nc4 20. Bc1 Rc8 21.
Qg3 Kf8 22. a4 Kg8 23. a5 bxa5 24. Ba3 Rc6 25. Bd6 Kh7 26. Qd3+ g6 27. Rf6 Nxd6
28. exd6 Rf8 29. Qg3 Kg7 30. Raf1 a4 31. h4 a3 32. R6f5 Qxd6 33. Qxd6 Rxd6 34.
Ra5 Rc8 35. Rxa3 Rc7 36. Kf2 Rf6+ 37. Ke2 Rxf1 38. Kxf1 Kf6 39. Ke2 Kf5 40. Kf3
h5 41. Ra5+ Ke6 42. Ra3 a5 43. Ke4 d5+ 44. Kd3 Ra7 45. Ra4 Kf5 46. c4 dxc4+ 47.
Kxc4 Ke4 48. Kc3 f6 49. Kd2 Kf4 50. Kd3 Kg3 51. Ra2 Kxh4 52. d5 Kg3 53. Kd4 g5
54. d6 f5 55. Ke5 f4 56. Ke6 g4 57. d7 Rxd7 58. Kxd7 h4 59. Ke6 f3 60. gxf3
gxf3 61. Rxa5 h3 62. Rg5+ Kf4 63. Rf5+ Kg4 64. Rf8 h2 65. Rg8+ Kf4 66. Rf8+ Ke3
67. Rh8 f2 68. Rh3+ Kd4 69. Rh4+ Kc5 70. Rh5+ Kc6 71. Rxh2 f1=Q 72. Rc2+ Kb5
73. Rb2+ Kc4 74. Rc2+ Kd3 75. Rc6 Ke4 76. Kd6 Kd4 77. Kc7 Qb5 78. Rc1 Qa5+ 79.
Kb7 Qb4+ 80. Kc8 Kd5 81. Rc7 Qb6 82. Rd7+ Ke6 83. Re7+ Kf6 84. Rc7 Qb5 85. Rc1
Ke6 86. Kc7 Qe5+ 87. Kc8 Qd5 88. Rb1 Kd6 89. Rb6+ Kc5 90. Rb7 Qg8+ 91. Kd7 Qg4+
92. Kc7 Qf4+ 93. Kd7 Qf7+ 94. Kc8 Qe8+ 95. Kc7 Kd5 96. Rb6 Kc5 97. Rb7 Qe5+ 98.
Kd7 Qd5+ 99. Kc7 Qc6+ 100. Kb8 Kd6 101. Rg7 Qb6+ 102. Kc8 Qc6+ 103. Kb8 Qe8+
104. Kb7 Qe4+ 105. Kb8 Kc6 106. Rb7 Qe8+ 107. Ka7 Qd8 108. Rb1 Qd4+ 109. Ka8
Qe4 110. Rb7 Qa4+ 111. Kb8 Qa5 112. Rb1 Qd8+ 113. Ka7 Qe7+ 114. Ka8 Qf8+ 115.
Ka7 Qf7+ 116. Kb8 Qg8+ 0-1

[Event "28th WSCC2018 - Open 65+"]
[Site "Bled"]
[Date "2018.11.22"]
[Round "5.2"]
[White "Balashov, Yuri S"]
[Black "Rashkovsky, Nukhim N"]
[Result "1/2-1/2"]
[WhiteElo "2445"]
[BlackElo "2482"]
[PlyCount "21"]
[EventDate "2018.11.18"]

1. e4 c5 2. Nf3 d6 3. Bb5+ Bd7 4. Bxd7+ Nxd7 5. O-O Ngf6 6. Qe2 e6 7. c4 Ne5 8.
Nc3 Be7 9. b3 O-O 10. Bb2 Nfd7 11. Nxe5 1/2-1/2

[Event "28th WSCC2018 - Open 65+"]
[Site "Bled"]
[Date "2018.11.22"]
[Round "5.3"]
[White "Lederman, Leon"]
[Black "Renman, Nils-Gustaf"]
[Result "0-1"]
[WhiteElo "2255"]
[BlackElo "2351"]
[PlyCount "74"]
[EventDate "2018.11.18"]

1. e4 e6 2. d4 d5 3. Nc3 Nf6 4. e5 Nfd7 5. f4 c5 6. Nf3 Nc6 7. Be3 a6 8. Qd2 b5
9. Ne2 b4 10. g4 Be7 11. Ng3 O-O 12. g5 f5 13. gxf6 gxf6 14. Bh3 Kh8 15. O-O-O
fxe5 16. Nxe5 Ndxe5 17. fxe5 cxd4 18. Bxd4 Nxd4 19. Qxd4 Rf4 20. Qd3 Bd7 21.
Kb1 Rh4 22. Bf1 Bg5 23. Be2 Qc7 24. Rde1 Be8 25. Bd1 Bg6 26. Qf3 Rc8 27. Qg2
Bf4 28. Qe2 a5 29. b3 Qc3 30. Rhf1 d4 31. Ne4 Bxe4 32. Qxe4 Bc1 33. Kxc1 Rxe4
34. Rxe4 d3 35. Rf2 Qa1+ 36. Kd2 dxc2 37. Bxc2 Rxc2+ 0-1

[Event "28th WSCC2018 - Open 65+"]
[Site "Bled"]
[Date "2018.11.22"]
[Round "5.4"]
[White "Birnboim, Nathan"]
[Black "Vaisser, Anatoli"]
[Result "1-0"]
[WhiteElo "2376"]
[BlackElo "2504"]
[PlyCount "153"]
[EventDate "2018.11.18"]

1. Nf3 e6 2. g3 f5 3. Bg2 Nf6 4. O-O d5 5. c4 Be7 6. b3 O-O 7. Bb2 a5 8. Qc2
Nc6 9. cxd5 exd5 10. a3 Na7 11. Nd4 Qd7 12. b4 Nc6 13. Nxc6 bxc6 14. Rc1 Bb7
15. d3 axb4 16. axb4 Rxa1 17. Bxa1 Bxb4 18. Nd2 Qe7 19. Nb3 Nd7 20. Bd4 f4 21.
Ra1 fxg3 22. hxg3 Ra8 23. Rxa8+ Bxa8 24. Qa2 Qf8 25. Bh3 Nb6 26. Qa7 Bd6 27.
Nc5 Bxc5 28. Be6+ Kh8 29. Bxc5 Qe8 30. Bf5 Qd8 31. Be7 Qe8 32. Qxc7 Na4 33. Bd7
Qg8 34. Qa5 Nb2 35. Qb4 Nd1 36. Qb3 Qf7 37. Bc5 Nc3 38. Qb8+ Qg8 39. Qe5 Nb5
40. f4 Bb7 41. f5 Qd8 42. Be6 Qc7 43. d4 h6 44. f6 Qxe5 45. dxe5 gxf6 46. exf6
Nc7 47. Bd7 Kg8 48. Bd6 Kf7 49. Bxc7 Kxf6 50. Bf4 Kg6 51. Be3 Ba6 52. Bxc6 Bxe2
53. Bxd5 Bg4 54. Kg2 Kg7 55. Bb6 Kf6 56. Kf2 Bf5 57. Ke3 Kg5 58. Bd8+ Kg4 59.
Bh4 Bc2 60. Be6+ Kh5 61. Kf4 Kg6 62. Ke5 Bd1 63. Kd6 Bc2 64. Ke7 Kg7 65. Bf7
Bd1 66. Bf6+ Kh7 67. Kd6 Be2 68. Ke5 Bd1 69. Kf4 Be2 70. Bc3 Bd1 71. Be6 Kg6
72. Bf5+ Kf7 73. Bd3 Ba4 74. Kg4 Bd1+ 75. Kh4 Bf3 76. Bf5 Kg8 77. g4 1-0

[Event "28th WSCC2018 - Open 65+"]
[Site "Bled"]
[Date "2018.11.22"]
[Round "5.5"]
[White "Berkovich, Mark A"]
[Black "Singer, Hans"]
[Result "1-0"]
[WhiteElo "2339"]
[BlackElo "2186"]
[PlyCount "67"]
[EventDate "2018.11.18"]

1. Nf3 d5 2. g3 c5 3. Bg2 Nc6 4. d4 e6 5. O-O Nf6 6. c4 Be7 7. cxd5 exd5 8.
dxc5 Bxc5 9. a3 O-O 10. b4 Bb6 11. Nc3 h6 12. Bb2 Be6 13. Na4 Ne4 14. Nxb6 Qxb6
15. Nd4 Nxd4 16. Bxd4 Qb5 17. Bb2 Qb6 18. Qd3 Rfe8 19. e3 a6 20. Rfd1 Rac8 21.
Rac1 f5 22. Bd4 Qb5 23. Qxb5 axb5 24. Be5 Bd7 25. Rxc8 Rxc8 26. f3 Ng5 27. f4
Ne4 28. Bxe4 fxe4 29. Rxd5 Bc6 30. Rd6 Be8 31. Kg2 h5 32. Kh3 Kh7 33. Kh4 Rc6
34. Rd8 1-0

[Event "28th WSCC2018 - Open 65+"]
[Site "Bled"]
[Date "2018.11.22"]
[Round "5.6"]
[White "Gruzmann, Boris"]
[Black "Lisenko, Alexander V"]
[Result "0-1"]
[WhiteElo "2215"]
[BlackElo "2334"]
[PlyCount "94"]
[EventDate "2018.11.18"]

1. e4 c5 2. Nf3 Nc6 3. d4 cxd4 4. Nxd4 Nf6 5. Nc3 d6 6. Bg5 e6 7. Qd2 Be7 8.
O-O-O Nxd4 9. Qxd4 O-O 10. f4 Qa5 11. Bc4 Bd7 12. Kb1 Bc6 13. e5 dxe5 14. fxe5
Rad8 15. Qf4 Nh5 16. Qh4 Bxg5 17. Qxg5 g6 18. Rhf1 Rxd1+ 19. Rxd1 Qc5 20. Bb3
Ng7 21. h4 b5 22. a3 a5 23. Ne2 a4 24. Ba2 Nf5 25. g4 Ne3 26. Rd2 Nc4 27. Bxc4
Qxc4 28. Nc3 Bf3 29. Rd8 Qxg4 30. Rxf8+ Kxf8 31. Qd8+ Kg7 32. Qf6+ Kh6 33. Qxf7
Bd5 34. Qf2 Bc4 35. Na2 Kh5 36. Nc1 h6 37. b3 axb3 38. cxb3 Bd5 39. Kb2 Qg2 40.
Qxg2 Bxg2 41. Nd3 Be4 42. Kc3 Kxh4 43. Kd4 Bd5 44. a4 bxa4 45. bxa4 Kg3 46. Ke3
g5 47. Nb4 Bb7 0-1

[Event "28th WSCC2018 - Open 65+"]
[Site "Bled"]
[Date "2018.11.22"]
[Round "5.7"]
[White "Pushkov, Nikolai"]
[Black "Nukin, Tolegen"]
[Result "1/2-1/2"]
[WhiteElo "2324"]
[BlackElo "2171"]
[PlyCount "72"]
[EventDate "2018.11.18"]

1. Nf3 Nf6 2. d4 d5 3. c4 e6 4. Nc3 Be7 5. Bg5 h6 6. Bh4 O-O 7. e3 b6 8. Bd3
dxc4 9. Bxc4 Bb7 10. O-O Nbd7 11. Qe2 a6 12. Rfd1 Nd5 13. Bxd5 exd5 14. Bg3 Nf6
15. Rac1 c5 16. dxc5 bxc5 17. Ne5 Qb6 18. Nd3 Rac8 19. a3 Rfe8 20. Na4 Qb5 21.
Qc2 d4 22. Naxc5 Qc6 23. f3 dxe3 24. Qe2 Bxc5 25. Rxc5 Qa4 26. Rdc1 Rcd8 27.
Be1 Qd4 28. Nb4 Nd5 29. Nxd5 Rxd5 30. Rxd5 Qxd5 31. Bc3 Qb5 32. Qxb5 axb5 33.
Re1 Bd5 34. Bd4 e2 35. Kf2 Bc4 36. b3 Bxb3 1/2-1/2

[Event "28th WSCC2018 - Open 65+"]
[Site "Bled"]
[Date "2018.11.22"]
[Round "5.8"]
[White "Privara, Igor"]
[Black "Kiefer, Gerhard"]
[Result "1/2-1/2"]
[WhiteElo "2207"]
[BlackElo "2306"]
[PlyCount "53"]
[EventDate "2018.11.18"]

1. e4 c5 2. c3 d5 3. exd5 Qxd5 4. d4 Nc6 5. Nf3 Bf5 6. Na3 Nf6 7. Bc4 Qe4+ 8.
Be3 e6 9. O-O cxd4 10. Nxd4 Bxa3 11. bxa3 O-O 12. Bb3 Rfd8 13. Qc1 Nxd4 14.
Bxd4 Qh4 15. Qe3 Nd5 16. Bxd5 Rxd5 17. Bxa7 Rd3 18. Qe5 f6 19. Qc7 Be4 20. f3
Bc6 21. Rad1 Rxd1 22. Rxd1 Qa4 23. Rd8+ Rxd8 24. Qxd8+ Kf7 25. Qc7+ Kg6 26.
Qg3+ Kf7 27. Qc7+ 1/2-1/2

[Event "28th WSCC2018 - Open 65+"]
[Site "Bled"]
[Date "2018.11.22"]
[Round "5.9"]
[White "Buchal, Stephan"]
[Black "Titz, Heimo"]
[Result "1-0"]
[WhiteElo "2288"]
[BlackElo "2161"]
[PlyCount "103"]
[EventDate "2018.11.18"]

1. e4 c5 2. Nf3 Nc6 3. Bb5 e6 4. O-O Nge7 5. Re1 a6 6. Bf1 d5 7. exd5 Nxd5 8.
d4 cxd4 9. Nxd4 Be7 10. Nxc6 bxc6 11. Nd2 O-O 12. Nc4 c5 13. Bd2 a5 14. a4 Bb7
15. Ra3 Bc6 16. Ne5 Qc7 17. Rh3 Nf6 18. Bd3 g6 19. Bc3 Bd5 20. Qd2 Rfd8 21. Qh6
Bf8 22. Qf4 Ne8 23. Qh4 h5 24. Nxg6 fxg6 25. Rg3 Bg7 26. Rxg6 Rd7 27. Bb5 Rf7
28. Re3 Kf8 29. Reg3 e5 30. Qxh5 Be4 31. R6g4 Nf6 32. Qh4 Nxg4 33. Qxg4 Bf5 34.
Qf3 Rd8 35. h4 Bxc2 36. Qe2 Bd1 37. Qe1 Qe7 38. Bxa5 Bc2 39. Bxd8 Qxd8 40. Qc3
Qd1+ 41. Kh2 Rc7 42. Bc4 e4 43. Rxg7 Rxg7 44. Qf6+ Ke8 45. Qxg7 Qd6+ 46. Qg3
Qd4 47. Bb5+ Ke7 48. Qg5+ Ke6 49. Qh6+ Ke7 50. Qe3 Qe5+ 51. g3 Bd1 52. Qg5+ 1-0

[Event "28th WSCC2018 - Open 65+"]
[Site "Bled"]
[Date "2018.11.22"]
[Round "5.10"]
[White "Maryasin, Boris"]
[Black "Norman, Kenneth I"]
[Result "1-0"]
[WhiteElo "2284"]
[BlackElo "2099"]
[PlyCount "43"]
[EventDate "2018.11.18"]

1. e4 e5 2. Nf3 Nc6 3. Bc4 Bc5 4. c3 Nf6 5. d4 exd4 6. e5 d5 7. Bb5 Ne4 8. cxd4
Bb6 9. Nc3 Nxc3 10. bxc3 O-O 11. Bg5 Ne7 12. Bd3 Be6 13. Qd2 f6 14. exf6 gxf6
15. Bh6 Rf7 16. Nh4 Qd7 17. O-O Nf5 18. Nxf5 Bxf5 19. Rae1 Bxd3 20. Qxd3 Re8
21. Qf3 c6 22. Qg4+ 1-0

[Event "28th WSCC2018 - Open 65+"]
[Site "Bled"]
[Date "2018.11.22"]
[Round "5.11"]
[White "Ackermann, Hans Werner"]
[Black "Vepkhvishvili, Varlam"]
[Result "1-0"]
[WhiteElo "2272"]
[BlackElo "2073"]
[PlyCount "97"]
[EventDate "2018.11.18"]

1. Nf3 d5 2. e3 c6 3. b3 Bf5 4. Nh4 Bd7 5. Bb2 e5 6. g3 Bd6 7. d3 g5 8. Nf3 f6
9. c4 h5 10. Nc3 Ne7 11. Qc2 Na6 12. a3 h4 13. gxh4 g4 14. Nd2 Rxh4 15. Bg2 Be6
16. b4 Qd7 17. Qa4 Rd8 18. O-O-O Bb8 19. Nb3 Kf7 20. Kb1 Qc8 21. b5 dxc4 22.
dxc4 Rxd1+ 23. Nxd1 cxb5 24. cxb5 Nc5 25. Nxc5 Qxc5 26. Nc3 Bc4 27. Ka1 b6 28.
h3 Be6 29. hxg4 Rxg4 30. Ne4 Qc8 31. Bf3 Rg7 32. Nc3 Nf5 33. Rc1 Qc4 34. Qxc4
Bxc4 35. a4 Nd6 36. Ba3 Ke6 37. Kb2 f5 38. Rh1 e4 39. Rh6+ Ke5 40. Be2 Bxe2 41.
Bxd6+ Bxd6 42. Nxe2 Kd5 43. Nc3+ Ke5 44. Kb3 Rg2 45. Nd1 f4 46. exf4+ Kxf4 47.
Rxd6 Kf3 48. Rf6+ Ke2 49. Nc3+ 1-0

[Event "28th WSCC2018 - Open 65+"]
[Site "Bled"]
[Date "2018.11.22"]
[Round "5.12"]
[White "Frick, Christoph"]
[Black "Van Riemsdijk, Herman C"]
[Result "1-0"]
[WhiteElo "2186"]
[BlackElo "2270"]
[PlyCount "85"]
[EventDate "2018.11.18"]

1. d4 c5 2. dxc5 e6 3. Nc3 Bxc5 4. Ne4 d5 5. Nxc5 Qa5+ 6. c3 Qxc5 7. Be3 Qc7 8.
Nf3 Nf6 9. g3 e5 10. Qa4+ Nc6 11. Qa3 b6 12. Bg2 h6 13. b3 Ne7 14. O-O Bb7 15.
Rac1 O-O 16. Rfd1 Rfe8 17. Bd2 Rad8 18. c4 d4 19. c5 Nc6 20. b4 b5 21. Qb3 Bc8
22. e3 Bg4 23. h3 Be6 24. Qb2 Qc8 25. exd4 exd4 26. Kh2 Bc4 27. Bf4 Re2 28. Rd2
Qe6 29. Bd6 Rxd2 30. Qxd2 Ne4 31. Nxd4 Rxd6 32. cxd6 Nxd4 33. Qxd4 Nxd6 34.
Qxa7 g6 35. a3 Nf5 36. Rd1 h5 37. Rd8+ Kg7 38. Qb8 h4 39. Rg8+ Kh7 40. Re8
hxg3+ 41. fxg3 Qa6 42. Qe5 Ng7 43. Ra8 1-0

[Event "28th WSCC2018 - Open 65+"]
[Site "Bled"]
[Date "2018.11.22"]
[Round "5.13"]
[White "Hartung-Nielsen, Jens"]
[Black "Cebalo, Miso"]
[Result "1/2-1/2"]
[WhiteElo "2186"]
[BlackElo "2262"]
[PlyCount "90"]
[EventDate "2018.11.18"]

1. e4 c5 2. d4 cxd4 3. c3 d3 4. Bxd3 d6 5. Nf3 Nc6 6. h3 g6 7. O-O Bg7 8. c4
Nf6 9. Be3 O-O 10. Nc3 Bd7 11. Qd2 Rc8 12. Rac1 Qa5 13. Nd5 Qxd2 14. Bxd2 e6
15. Ne3 Rfd8 16. Bc3 Be8 17. Rfd1 Nd7 18. Bxg7 Kxg7 19. Bb1 Nc5 20. Nd4 Kf6 21.
Nb5 Ke7 22. Nc3 g5 23. Bd3 Ne5 24. Be2 a5 25. b3 Bc6 26. f3 h5 27. Kf2 Rg8 28.
Rb1 g4 29. hxg4 hxg4 30. Nf1 gxf3 31. gxf3 Rcf8 32. Ne3 Ng6 33. Rh1 Rh8 34. Ng2
Rfg8 35. Ke3 f5 36. exf5 exf5 37. Nd5+ Bxd5 38. cxd5 Kf6 39. Bb5 Kg5 40. Rbg1
Rxh1 41. Rxh1 Rg7 42. Kd4 Re7 43. Rg1 Kf6 44. Rh1 Kg5 45. Rg1 Kf6 1/2-1/2

[Event "28th WSCC2018 - Open 65+"]
[Site "Bled"]
[Date "2018.11.22"]
[Round "5.14"]
[White "Wahlbom, Magnus"]
[Black "Boehnisch, Manfred"]
[Result "1/2-1/2"]
[WhiteElo "2173"]
[BlackElo "2261"]
[PlyCount "63"]
[EventDate "2018.11.18"]

1. e4 c6 2. d4 d5 3. Nd2 dxe4 4. Nxe4 Bf5 5. Ng3 Bg6 6. Nh3 Nf6 7. Nf4 Nbd7 8.
c3 e5 9. Nxg6 hxg6 10. Be2 exd4 11. Qxd4 Bc5 12. Qc4 Qe7 13. O-O Ne5 14. Qa4
Nd5 15. Ne4 Qh4 16. h3 Be7 17. f4 Nd7 18. c4 Nc5 19. Nxc5 Bxc5+ 20. Kh2 Nf6 21.
b4 Bd4 22. Rb1 Ne4 23. Rf3 O-O-O 24. Qc2 f5 25. Bf1 Nf2 26. Rbb3 Ng4+ 27. Kh1
Qe1 28. Bb2 Be3 29. Qe2 Nf2+ 30. Kh2 Ng4+ 31. Kh1 Nf2+ 32. Kh2 1/2-1/2

[Event "28th WSCC2018 - Open 65+"]
[Site "Bled"]
[Date "2018.11.22"]
[Round "5.15"]
[White "Iudicello, Giovanni"]
[Black "Barle, Janez"]
[Result "0-1"]
[WhiteElo "2138"]
[BlackElo "2259"]
[PlyCount "88"]
[EventDate "2018.11.18"]

1. Nf3 Nc6 2. g3 d5 3. Bg2 Nf6 4. d3 e5 5. O-O Be7 6. e4 dxe4 7. dxe4 Bg4 8.
Qxd8+ Rxd8 9. Nbd2 Nb4 10. c3 Nd3 11. Nc4 Bxf3 12. Bxf3 b5 13. Ne3 Bc5 14. Nc2
Nxc1 15. Raxc1 Rd2 16. Nb4 Bb6 17. Rc2 Rd6 18. Re2 c6 19. Nc2 Ke7 20. Rfe1 Rhd8
21. Ne3 g6 22. Kg2 Rd3 23. Ng4 Nd7 24. Rc2 f6 25. Be2 Rd6 26. f3 Nc5 27. Nf2
Rd2 28. Rec1 Ne6 29. Nd1 h5 30. Kf1 h4 31. Ke1 hxg3 32. hxg3 R2d7 33. Bf1 Rh8
34. Bg2 Rh2 35. Kf1 Ng7 36. Nf2 Rd8 37. Rd1 Rxd1+ 38. Nxd1 Nh5 39. g4 Nf4 40.
Rd2 Ke6 41. b3 Kf7 42. c4 bxc4 43. bxc4 Bd4 44. Nb2 Rxg2 0-1

[Event "28th WSCC2018 - Open 65+"]
[Site "Bled"]
[Date "2018.11.22"]
[Round "5.16"]
[White "Baum, Bernd"]
[Black "Strand, Kjetil"]
[Result "1/2-1/2"]
[WhiteElo "2252"]
[BlackElo "1995"]
[PlyCount "65"]
[EventDate "2018.11.18"]

1. Nf3 d5 2. g3 Nf6 3. Bg2 Bf5 4. c4 e6 5. Qb3 Nc6 6. cxd5 exd5 7. O-O Nb4 8.
d3 a5 9. a3 a4 10. Qd1 Na6 11. Qxa4+ c6 12. Be3 Bd6 13. Qb3 Qe7 14. Nc3 O-O 15.
Rfe1 h6 16. Rac1 Ng4 17. Bd4 Nc5 18. Qd1 Rfe8 19. e4 dxe4 20. Nh4 Be6 21. Bxc5
Bxc5 22. Nxe4 Bd4 23. h3 Ne5 24. Nc3 Rad8 25. Bf1 Qd7 26. Nf3 Nxf3+ 27. Qxf3
Bxh3 28. Bxh3 Qxh3 29. Re4 Qd7 30. Rce1 Rxe4 31. dxe4 Bxc3 32. Qxc3 Qd2 33. Re3
1/2-1/2

[Event "28th WSCC2018 - Open 65+"]
[Site "Bled"]
[Date "2018.11.22"]
[Round "5.17"]
[White "Gundersen, Helge"]
[Black "Giffard, Nicolas"]
[Result "1/2-1/2"]
[WhiteElo "2109"]
[BlackElo "2249"]
[PlyCount "76"]
[EventDate "2018.11.18"]

1. e4 c6 2. d4 d5 3. Nc3 dxe4 4. Nxe4 Nd7 5. Nf3 Ngf6 6. Nxf6+ Nxf6 7. Be2 Bg4
8. O-O e6 9. c3 Be7 10. Ne5 Bxe2 11. Qxe2 O-O 12. Bg5 Nd5 13. Bxe7 Qxe7 14. f4
Rad8 15. Nd3 Rfe8 16. Rae1 b6 17. Qf3 Qc7 18. Re5 Ne7 19. Ree1 c5 20. dxc5 bxc5
21. Rd1 c4 22. Ne5 f6 23. Ng4 Qb6+ 24. Qf2 Nf5 25. Qxb6 axb6 26. Kf2 b5 27. Ne3
Nd6 28. Rd4 f5 29. Rfd1 Ne4+ 30. Kf3 Ra8 31. a3 Nc5 32. Re1 Kf7 33. Re2 g6 34.
Nc2 Ra6 35. Re5 Rc8 36. Nb4 Rb6 37. g3 Kf6 38. Rd2 Kf7 1/2-1/2

[Event "28th WSCC2018 - Open 65+"]
[Site "Bled"]
[Date "2018.11.22"]
[Round "5.19"]
[White "Archangelsky, Mikhail"]
[Black "Hardicsay, Peter"]
[Result "1/2-1/2"]
[WhiteElo "2043"]
[BlackElo "2223"]
[PlyCount "35"]
[EventDate "2018.11.18"]

1. d4 d5 2. Nf3 Nf6 3. e3 e6 4. Nbd2 c5 5. c3 Nc6 6. Bd3 Qc7 7. O-O Be7 8. Qe2
b6 9. b3 O-O 10. Bb2 Bb7 11. Rac1 Rac8 12. c4 dxc4 13. bxc4 Rcd8 14. h3 h6 15.
Rfd1 Rfe8 16. Nb3 Nb4 17. Bb1 Ne4 18. Bxe4 1/2-1/2

[Event "28th WSCC2018 - Open 65+"]
[Site "Bled"]
[Date "2018.11.22"]
[Round "5.20"]
[White "Malmdin, Nils-Ake"]
[Black "Tunik, Gennady"]
[Result "0-1"]
[WhiteElo "2126"]
[BlackElo "2365"]
[PlyCount "96"]
[EventDate "2018.11.18"]

1. e4 c5 2. Nf3 e6 3. Nc3 Nc6 4. d4 cxd4 5. Nxd4 a6 6. Be3 Qc7 7. Bd3 Nf6 8.
O-O Ne5 9. Nf3 Bd6 10. h3 Nxf3+ 11. Qxf3 Be5 12. Na4 b5 13. Nb6 Rb8 14. Nxc8
Rxc8 15. c3 O-O 16. a4 Qc6 17. axb5 axb5 18. Ra5 Rb8 19. Qe2 Bc7 20. Ra7 d5 21.
Bd4 Nxe4 22. Bxe4 dxe4 23. g3 Ra8 24. Rfa1 Rxa7 25. Rxa7 e5 26. Be3 f5 27. b4
h6 28. Qa2+ Kh7 29. Bc5 Rf6 30. Ra8 f4 31. Qg8+ Kg6 32. gxf4 exf4 33. Qe8+ Qxe8
34. Rxe8 Kf5 35. Bd4 Rf7 36. f3 exf3 37. Kf2 g5 38. Rh8 Be5 39. Bxe5 Kxe5 40.
Rxh6 Rd7 41. Kxf3 Rd3+ 42. Kg2 Rg3+ 43. Kh2 Rxc3 44. Rb6 Rc2+ 45. Kh1 f3 46.
Rxb5+ Kf4 47. Rd5 Rc1+ 48. Kh2 f2 0-1

[Event "28th WSCC2018 - Open 65+"]
[Site "Bled"]
[Date "2018.11.22"]
[Round "5.21"]
[White "Vogt, Lothar"]
[Black "Mayer, Roland"]
[Result "1/2-1/2"]
[WhiteElo "2359"]
[BlackElo "2076"]
[PlyCount "41"]
[EventDate "2018.11.18"]

1. e4 e5 2. Nf3 Nc6 3. Bb5 a6 4. Ba4 Nf6 5. d4 exd4 6. O-O Be7 7. Re1 b5 8. e5
Nxe5 9. Rxe5 d6 10. Re1 bxa4 11. Nxd4 Bd7 12. Qf3 O-O 13. Nc6 Bxc6 14. Qxc6 d5
15. Qxa4 Ne4 16. Nd2 Nc5 17. Qg4 Bf6 18. Nb3 Re8 19. Rd1 Re4 20. Qf3 Qe7 21.
Be3 1/2-1/2

[Event "28th WSCC2018 - Open 65+"]
[Site "Bled"]
[Date "2018.11.22"]
[Round "5.22"]
[White "Rovira Mas, Jorge"]
[Black "Yakimenko, Alexander A"]
[Result "0-1"]
[WhiteElo "2290"]
[BlackElo "2125"]
[PlyCount "62"]
[EventDate "2018.11.18"]

1. Nf3 d6 2. b3 e5 3. d3 Nf6 4. Bb2 Be7 5. g3 Bg4 6. Bg2 Qc8 7. h3 Bd7 8. c4
O-O 9. Nbd2 Nc6 10. a3 a5 11. Qc2 Ne8 12. O-O-O Nd8 13. d4 f6 14. Kb1 Ne6 15.
e3 c5 16. d5 N6c7 17. a4 f5 18. e4 Na6 19. Bc3 Nb4 20. Bxb4 cxb4 21. Ka2 Qc5
22. Rdf1 b5 23. Ne1 bxa4 24. bxa4 b3+ 25. Qxb3 Nf6 26. Nd3 Qd4 27. Nf3 Qa7 28.
Nd2 fxe4 29. Bxe4 Nxe4 30. Nxe4 Qd4 31. Re1 Rf3 0-1

[Event "28th WSCC2018 - Open 65+"]
[Site "Bled"]
[Date "2018.11.22"]
[Round "5.23"]
[White "Gal, Moshe"]
[Black "Rooze, Jan"]
[Result "1-0"]
[WhiteElo "2116"]
[BlackElo "2288"]
[PlyCount "77"]
[EventDate "2018.11.18"]

1. Nf3 c5 2. c4 Nf6 3. Nc3 g6 4. e4 Nc6 5. d4 cxd4 6. Nxd4 Bg7 7. Be3 O-O 8.
Be2 d6 9. O-O Bd7 10. h3 Qa5 11. Rc1 Rfc8 12. b3 Qd8 13. Qd2 Qf8 14. f4 Rd8 15.
Nf3 Be8 16. Bd3 Nd7 17. Qf2 Nc5 18. Bb1 b6 19. Rfd1 Rac8 20. Nb5 a6 21. Nc3 e6
22. Na4 Rb8 23. Nc3 Qe7 24. Re1 Qb7 25. f5 Ne5 26. Nxe5 Bxe5 27. f6 Bc6 28. Bd4
Nd7 29. Bxe5 Nxe5 30. Qf4 Kh8 31. Rcd1 Qc7 32. Nd5 exd5 33. exd5 Rg8 34. dxc6
Qxc6 35. Re4 Qc5+ 36. Kh1 g5 37. Qf5 Rg6 38. Red4 Re8 39. Rxd6 1-0

[Event "28th WSCC2018 - Open 65+"]
[Site "Bled"]
[Date "2018.11.22"]
[Round "5.24"]
[White "Tsynman, Boris"]
[Black "Pritchett, Craig W"]
[Result "0-1"]
[WhiteElo "2074"]
[BlackElo "2286"]
[PlyCount "46"]
[EventDate "2018.11.18"]

1. e4 c5 2. c3 Nf6 3. e5 Nd5 4. d4 cxd4 5. Qxd4 e6 6. Bc4 Nc6 7. Qe4 f5 8. exf6
Nxf6 9. Qe2 d5 10. Bb3 Bd6 11. Bg5 O-O 12. Nf3 Qc7 13. Bxf6 Rxf6 14. O-O Bd7
15. Nbd2 Raf8 16. Rad1 Kh8 17. h3 Na5 18. Bc2 e5 19. Nh2 e4 20. Ng4 Bxg4 21.
Qxg4 Qb6 22. b4 Rxf2 23. Kh1 Nc4 0-1

[Event "28th WSCC2018 - Open 65+"]
[Site "Bled"]
[Date "2018.11.22"]
[Round "5.25"]
[White "Ofstad, Per"]
[Black "Shevelev, Arkady"]
[Result "0-1"]
[WhiteElo "2064"]
[BlackElo "2278"]
[PlyCount "56"]
[EventDate "2018.11.18"]

1. e4 c6 2. d4 d5 3. e5 Bf5 4. Nf3 e6 5. Be2 Nd7 6. O-O Ne7 7. Nbd2 c5 8. c3
Nc6 9. Re1 cxd4 10. Nxd4 Bg6 11. N2f3 Be7 12. Bd3 Bxd3 13. Qxd3 Nc5 14. Qe2 Rc8
15. Be3 a6 16. Rad1 Nd7 17. Nxc6 Rxc6 18. Nd4 Rc4 19. Bc1 g6 20. Rd3 Bg5 21. f4
Be7 22. f5 Bc5 23. fxe6 fxe6 24. b3 Rxc3 25. Kh1 Bxd4 26. Rxd4 O-O 27. Qg4 Rf5
28. Bb2 Rc2 0-1

[Event "28th WSCC2018 - Open 65+"]
[Site "Bled"]
[Date "2018.11.22"]
[Round "5.26"]
[White "Werner, Clemens"]
[Black "Taksrud, Vidar"]
[Result "1-0"]
[WhiteElo "2266"]
[BlackElo "2038"]
[PlyCount "87"]
[EventDate "2018.11.18"]

1. e4 d5 2. exd5 Nf6 3. Nf3 Nxd5 4. d4 g6 5. c4 Nb6 6. Nc3 Bg7 7. c5 Nd5 8. Bc4
Nxc3 9. bxc3 O-O 10. O-O b6 11. Re1 Bb7 12. Ba3 Bf6 13. Qe2 bxc5 14. Bxc5 Nc6
15. Rab1 Qc8 16. Qe3 Na5 17. Bd3 Bd5 18. Ne5 Nb7 19. Ba3 Nd6 20. c4 Be6 21. d5
Bf5 22. Nc6 Qa6 23. Bxd6 exd6 24. Bxf5 gxf5 25. Ne7+ Kh8 26. Nxf5 Qxc4 27. Qh6
Bc3 28. Red1 Rg8 29. Rbc1 Qg4 30. Ne3 Qg7 31. Qxg7+ Bxg7 32. Rxc7 Rgb8 33. Nf5
Rb2 34. Nxd6 Rxa2 35. Nxf7+ Kg8 36. Ng5 Bd4 37. d6 Bxf2+ 38. Kh1 Bb6 39. Rb7
Rf8 40. h3 Rff2 41. Rxb6 Rxg2 42. Rb8+ Kg7 43. Nf3 Rgf2 44. Rb3 1-0

[Event "28th WSCC2018 - Open 65+"]
[Site "Bled"]
[Date "2018.11.22"]
[Round "5.27"]
[White "Stepovoj, Vladimir"]
[Black "Sorcnik, Franc"]
[Result "1/2-1/2"]
[WhiteElo "2261"]
[BlackElo "2028"]
[PlyCount "84"]
[EventDate "2018.11.18"]

1. e4 e5 2. Nf3 Nc6 3. Nc3 Be7 4. Bb5 d6 5. d4 exd4 6. Nxd4 Bd7 7. O-O Nf6 8.
Nxc6 bxc6 9. Bd3 Rb8 10. b3 Ng4 11. Be2 h5 12. h3 Bf6 13. Bb2 Be5 14. Na4 Qh4
15. Bxe5 Nxe5 16. f4 Ng6 17. Qe1 Qxe1 18. Raxe1 f6 19. Bd3 Ne7 20. c4 Kf7 21.
c5 d5 22. Nc3 dxe4 23. Bc4+ Be6 24. Bxe6+ Kxe6 25. Rxe4+ Kf7 26. Ra4 Rb7 27.
Rd1 h4 28. Re4 Nf5 29. Rd7+ Kg6 30. Kf2 a5 31. Kf3 Rh5 32. Ra4 Rb4 33. Rxb4
axb4 34. Ne2 Ng3 35. Nxg3 hxg3 36. Rxc7 Rxc5 37. Rb7 Rc3+ 38. Kg4 c5 39. f5+
Kh6 40. Rc7 Kh7 41. Rc8 Rc2 42. Ra8 Rxg2 1/2-1/2

[Event "28th WSCC2018 - Open 65+"]
[Site "Bled"]
[Date "2018.11.22"]
[Round "5.28"]
[White "Pastor Alonso De Prado, Alberto"]
[Black "Harestad, Thor Geir"]
[Result "1/2-1/2"]
[WhiteElo "2102"]
[BlackElo "2239"]
[PlyCount "118"]
[EventDate "2018.11.18"]

1. e4 c5 2. c3 d6 3. d4 Nf6 4. Bd3 g6 5. Nf3 Bg7 6. h3 O-O 7. O-O a6 8. Qe2
cxd4 9. cxd4 Nc6 10. Nc3 e5 11. Be3 exd4 12. Nxd4 Re8 13. Rad1 Ne5 14. Bb1 Qc7
15. Nf3 Be6 16. Nxe5 dxe5 17. Nd5 Nxd5 18. exd5 Bd7 19. Qd2 Rad8 20. Rc1 Qd6
21. Bc5 Qf6 22. Rfe1 h6 23. Be4 b6 24. Be3 Kh7 25. Qb4 Rb8 26. d6 a5 27. Qd2
Red8 28. Rc7 Bf8 29. Rb7 Rxb7 30. Bxb7 Rb8 31. Qd5 Qe6 32. Rd1 Qxd5 33. Bxd5
Kg7 34. f4 exf4 35. Bxf4 Rc8 36. Be3 b5 37. Bd4+ Kh7 38. Bxf7 Rc6 39. Be5 Rc5
40. Bd5 a4 41. Kf2 Bg7 42. Bxg7 Kxg7 43. Ke3 Kf8 44. Rf1+ Ke8 45. Bf7+ Kd8 46.
Bxg6 Be6 47. Bf7 Re5+ 48. Kd4 Rd5+ 49. Kc3 Bxf7 50. Rxf7 Rxd6 51. g4 Re6 52.
Kd3 Rd6+ 53. Ke2 Rc6 54. Ke3 a3 55. Rf2 axb2 56. Rxb2 Rc3+ 57. Kf4 Rxh3 58.
Rxb5 Ra3 59. Rb2 Ra5 1/2-1/2